000 00564nam a2200205Ia 4500
005 20250508152847.0
008 008 250505s9999 xx 000 0 eng d
037 _aTextual
040 _aFEDL
_beng
_cFEDL
041 _aeng
_2eng
084 _a330.1, STO
_qFEDL
100 _aStonier Alfred W.
245 0 _aTextbook of economic theory
260 _aLondon, UK
_bLongmans, Green and Co.
_c1960
300 _ax,513p
650 _aEconomics
700 _a Hague Douglas C.
_9762592
942 _cTEXL
_h330.1, STO
999 _c1339244
_d1339244